Gastrointestinal nursing / (Record no. 84176)

MARC details
000 -LEADER
fixed length control field 00862nam a22002657a 4500
003 - CONTROL NUMBER IDENTIFIER
control field URS
005 - DATE AND TIME OF LATEST TRANSACTION
control field 20250819151303.0
008 - FIXED-LENGTH DATA ELEMENTS--GENERAL INFORMATION
fixed length control field 250819b |||||||| |||| 00| 0 eng d
020 ## - INTERNATIONAL STANDARD BOOK NUMBER
International Standard Book Number 978-1-83947-434-7
040 ## - CATALOGING SOURCE
Description conventions rda
Transcribing agency URS
Language of cataloging English
050 10 - LIBRARY OF CONGRESS CALL NUMBER
Classification number RT85.G45
Item number M465 2024
100 ## - MAIN ENTRY--PERSONAL NAME
Personal name Maxwell, Joselyn,
Relator term author.
9 (RLIN) 6347
245 00 - TITLE STATEMENT
Title Gastrointestinal nursing /
Statement of responsibility, etc Joselyn Maxwell.
250 ## - EDITION STATEMENT
Edition statement Third edition.
264 ## - PUBLICATION, DISTRIBUTION, ETC. (IMPRINT)
Place of publication, distribution, etc United Kingdom :
Name of publisher, distributor, etc Ed-Tech Press,
Date of publication, distribution, etc ©2024.
300 ## - PHYSICAL DESCRIPTION
Extent ix, 279 pages ;
Dimensions 23 cm.
336 ## - CONTENT TYPE
Content type term text
Content type code txt
Source rdacontent
337 ## - MEDIA TYPE
Media type term unmediated
Media type code n
Source rdamedia
338 ## - CARRIER TYPE
Carrier type term volume
Carrier type code nc
Source rdacarrier
504 ## - BIBLIOGRAPHY, ETC. NOTE
Bibliography, etc Includes bibliographical references and index.
650 #0 - SUBJECT ADDED ENTRY--TOPICAL TERM
Topical term or geographic name as entry element Gastroenterology
General subdivision nursing.
9 (RLIN) 6348
650 #0 - SUBJECT ADDED ENTRY--TOPICAL TERM
Topical term or geographic name as entry element Digestive system
Form subdivision diseases
General subdivision nursing.
9 (RLIN) 6349
650 #0 - SUBJECT ADDED ENTRY--TOPICAL TERM
Topical term or geographic name as entry element Enterostomal theraphy
General subdivision Nursing.
9 (RLIN) 6350
942 ## - ADDED ENTRY ELEMENTS (KOHA)
Source of classification or shelving scheme Library of Congress Classification
Koha item type Reserved Books
Holdings
Withdrawn status Lost status Source of classification or shelving scheme Damaged status Not for loan Collection code Home library Current library Shelving location Date acquired Source of acquisition Total Checkouts Full call number Barcode Date last seen Copy number Cost, replacement price Koha item type
    Library of Congress Classification     Non-fiction Taytay College Library Taytay College Library Nursing Collection 08/12/2025 Purchased   RT85.G45 M465 2024 URSTAY-5768 08/19/2025 1 7348.00 Reserved Books

University of Rizal System
Email us at univlibservices@urs.edu.ph

Visit our Website www.urs.edu.ph/library